000
00242nam a2200097Ia 4500
008
230915s9999 xx 000 0 und d
050
_a
QP 41.2 .T67 1995
100
_a
TORLORA,GERARD J.
245
0
_a
MICROBIOLOGY:AN INTRODUCTION
942
_c
BK
999
_c
193536
_d
193536